Click the Northernmost Country - Sudden Death - Statistics

General Stats
  • This quiz has been taken 48 times
    23 since last reset
  • The average score is 3 of 10
Answers on the Grid
Answers color-coded by a green-red scale on the quiz's grid according to % correct below.
Finland
Norway
Sweden
Algeria
Morocco
Tunisia
Brazil
Colombia
Venezuela
Indonesia
Malaysia
Papua New Guinea
Estonia
Latvia
Lithuania
China
Japan
North Korea
Kyrgyzstan
Turkmenistan
Uzbekistan
Canada
Russia
United States
Kosovo
Montenegro
North Macedonia
Eswatini
Lesotho
Uruguay
 
Answer Stats
Answer % Correct
Norway
92%
Colombia
46%
Tunisia
46%
Canada
38%
China
15%
Estonia
15%
Malaysia
15%
Uzbekistan
15%
Eswatini
8%
Montenegro
8%
No matching quizzes found
Score Distribution
Percent of People with Each Score
Percentile by Number Answered
Your Score History
You have not taken this quiz since the last reset